000 00952nam0a22002651 4500
001 rc\3260967
005 20130115143612.3
021 _aRU
_b[69-112808]
035 _a(NLR Aleph) 007483804
090 _a7544744
_c7544744
100 _a20130115d1969 |||y0rusy50 ca
101 0 _arus
102 _aRU
105 _aa z |||||
200 1 _aМихаил Васильевич Фрунзе
_eВоспоминания родных, близких, соратников
210 _aФрунзе
_cКыргызстан
_d1969
215 _a223 с.
_cил.
_d17
300 _aНа обороте тит. л. сост.: Л.В. Кулишова
606 _aСоветская Армия
_xИстория
_jВоспоминания и записки
_2psbo
702 1 _aКулишова
_bЛ. В.
_gЛюдмила Васильевна
_4220
801 0 _aRU
_bNLR
_gpsbo
801 1 _aRU
_bELAR
_2rusmarc
852 _aNLR
_j69-2/3717
942 _cBOOK
980 _aNB